Normal view MARC view
  • Educación vocacional

Entry Materia

Number of records used in: 4

001 - NÚMERO DE CONTROL DEL REGISTRO

  • campo de control: 17987

003 - IDENTIFICADOR DE NUMERO DE CONTROL

  • campo de control: MX-MxUPN

005 - FECHA Y HORA DE LA ÚLTIMA TRANSACCIÓN

  • campo de control: 20240822140210.0

008 - DATOS DE LONGITUD FIJA

  • campo de control de longitud fija: 240822|||acnnnbabn n ana |d

035 ## - NÚMERO DE CONTROL DEL SISTEMA

  • Número de control del sistema: UPN10000017995

040 ## - FUENTE DE LA CATALOGACIÓN

  • Lengua de catalogación: spa
  • Agencia de transcripción: MX-MxUPN
  • Centro catalogador de origen: MX-MxUPN

150 ## - ENCABEZAMIENTO - TEMÁTICO

  • Término de materia o nombre geográfico como elemento inicial: Educación vocacional
  • Subdivisión geográfica: Estados Unidos

670 ## - FUENTE EN LA QUE SE LOCALIZARON DATOS

  • Cita de la fuente: Autoridades BGTQ, 22 agosto 2024 :
  • Información localizada: (Educación vocacional -- Estados Unidos)

902 ## - CATALOGADOR

  • Catalogador: MMA/271196
  • Catalogador: MaríaRobles/220824